Vyhláška Ministerstva práce, sociálnych vecí a rodiny Slovenskej republiky č.4/1994 Z.z.
Úplné znenie vyhlášky MPSVR SR č.4/1993 Z.z. o postupe pri vytváraní spoločensky účelných pracovných miest a organizovaní verejnoprospešných prác.
Enregistré dans:
| Format: | Chapitre de livre |
|---|---|
| Langue: | slovaque |
| Sujets: | |
| Tags: |
Pas de tags, Soyez le premier à ajouter un tag!
|
MARC
| LEADER | 00000naa a2200000 4500 | ||
|---|---|---|---|
| 001 | r014692 | ||
| 005 | 20221213113859.2 | ||
| 041 | 0 | |a slo | |
| 044 | |a SK | ||
| 245 | 1 | 0 | |a Vyhláška Ministerstva práce, sociálnych vecí a rodiny Slovenskej republiky č.4/1994 Z.z. |
| 520 | |a Úplné znenie vyhlášky MPSVR SR č.4/1993 Z.z. o postupe pri vytváraní spoločensky účelných pracovných miest a organizovaní verejnoprospešných prác. | ||
| 610 | 2 | 0 | |a vyhlášky |
| 610 | 2 | 0 | |a MPSVR SR Bratislava |
| 610 | 2 | 0 | |a 1993 |
| 610 | 2 | 0 | |a práce verejnoprospešné |
| 610 | 2 | 0 | |a miesta pracovné |
| 610 | 2 | 0 | |a politika zamestnanosti |